000 009490am a2200229 004500
003 EG-GiCUC
008 080811s1979 ua g 000 0 ara d
040 _aEG-GiCUC
_bara
_cEG-GiCUC
043 _af-ua---
092 0 4 _a332.60962
_bT175
_221
099 _a04
_a332.60962 T175
245 0 0 _aتقرير عن سياسات الاستثمار الجديدة (القانون43 لسنة 1974)
260 _aالقاهرة :
_bوزارة الاقتصاد و التجارة الخارجية و التعاون الاقتصادى : وحدة الدراسات الاقتصادية :
_c1979
300 _a97ص ؛
_c30سم
650 7 _aالاستثمار
_zمصر
_2qrmak
710 1 _aمصر.
_bوزارة الاقتصاد و التجارة الخارجية
902 _a1
905 _aجيهان
_eمراجع
905 _aعفاف
_eمدخل
942 _2ddc
_cBK
999 _c102039
_d102039